000 00886nam a2200253 i 4500
001 19666
003 ES-MaACL
005 20230906152138.0
007 t|
008 021007s1970 sp ||||1| spa d
100 1 _aAbendroth, Wolfgang,
_918084
245 1 0 _aHistoria social del movimiento obrero europeo /
_cWolfgang Abendroth ; introducción de Borja de Piquer ; traducción de Justo Pérez del Corral ; revisión de Ignasi Riera.
250 _a2ª ed. rev.
260 _aBarcelona :
_bEstela,
_c1970.
300 _a184 p. ;
_c19 cm.
490 1 _aEdiciones de bolsillo ;
_v7
650 0 0 _aMovimiento obrero-
_vHistoria.
_915217
700 1 _aPiquer, Borja de.
_992323
700 1 _aPérez del Corral, Justo.
_990818
700 1 _aRiera, Ignasi (
_d1940-)
_997104
830 1 _aEdiciones de bolsillo ;
_v7
_9180756
852 _aES-MaACL
_jC-46455
999 _c19666
_d19666